000
00323nam a2200133Ia 4500
005
20251222143123.0
008
251222s9999||||xx |||||||||||||| ||spa||
020
_a
84-240-0300-4
082
_a
340.56/G24
100
_a
García Valls, Germán
245
0
_a
Elementos de Derecho:
264
_b
Euroamericana
942
_c
LIB
999
_c
11601
_d
11601